El buen duelo : amor y resiliencia /

De manera análoga que la física llama resiliencia a la cualidad de ciertos materiales para resistir los impactos sin destruirse y con posibilidad de recobrar su forma original, así también la psicología y las ciencias sociales hablan de resiliencia para referirse a la capacidad del ser humano de sob...

Descripción completa

Guardado en:
Detalles Bibliográficos
Autor principal: Carmelo, Anji (autor)
Otros autores: Hernández, Gaspar (prólogo) (prólogo), Vidal Regard, Eduardo F. (presentación) (presentación)
Formato: Libro
Idioma:Español
Publicado: Barcelona, España : Plataforma, 2011, c2011
Temas:
Etiquetas: Agrega una etiqueta
Sin etiquetas, Sé el primero en etiquetar este registro!

MARC

LEADER 00000nam^a2200000^a^4500
001 000341069
005 20250521000000.0
009 20260526141135.99
020 |a 978-84-15115-57-1 
037 |a Acervo ITESO - Biblioteca 
041 |a ESP 
082 |a 155. 9046  |b CAR 
100 |a Carmelo, Anji  |e (autor) 
245 1 3 |a El buen duelo :  |b amor y resiliencia /  |c A. Carmelo ; pról. de G. Hernández ; presen. de E.F. Vidal Regard. 
264 4 |a Barcelona, España :  |b Plataforma,  |c 2011, c2011 
300 |a 170 p. 
336 |a texto  |b txt  |2 rdacontenido 
337 |a sin mediación  |b n  |2 rdamedio 
338 |a volumen  |b nc  |2 rdasoporte 
520 |a De manera análoga que la física llama resiliencia a la cualidad de ciertos materiales para resistir los impactos sin destruirse y con posibilidad de recobrar su forma original, así también la psicología y las ciencias sociales hablan de resiliencia para referirse a la capacidad del ser humano de sobrevivir a situaciones difíciles y dolorosas (muerte, violencia, impedimentos y sufrimientos físicos, falta de afecto, etc.) con equilibrio mental y emocional y además salir fortalecido de la experiencia. En esta obra Cyrulnik expone el valor curativo y la capacidad resiliente del amor de pareja para quien viene del dolor y el trauma 
649 |a XX 
650 |a Muerte -  |x Aspectos Psicológicos -  |x Tema Principal 
650 |a Resiliencia Social -  |x Tema Principal 
650 |a Trauma 
650 |a Amor 
650 |a Sentimientos 
650 |a Afectividad 
650 |a Desarrollo Emocional 
650 |a Autoconcepto 
650 |a Autoestima 
650 |a Superación Personal y Autoayuda 
650 |a Psicología Evolutiva 
650 |a Psicología Clínica 
650 |a Psicología Social 
700 |a Hernández, Gaspar  |e (prólogo) 
700 |a Vidal Regard, Eduardo F.  |e (presentación) 
910 |a Fondo General 
920 |a Impresos - Libros 
930 |a Colección General 
905 |a 101 
901 |a 0500230811  |b IT1  |c ACC  |i C140394  |u 20250521 
902 |a https://opac.biblio.iteso.mx/vufind/Record/000341069